El análisis cultural del derecho: una reconstrucción de los estudios jurídicos
Saved in:
| Hovedforfatter: | |
|---|---|
| Format: | Bog |
| Sprog: | spansk |
| Udgivet: |
Barcelona
Gedisa
2001
|
| Udgivelse: | 1a. ed |
| Serier: | Colección Biblioteca Yale de Estudios Jurídicos
|
| Fag: | |
| Tags: |
Tilføj Tag
Ingen Tags, Vær først til at tagge denne postø!
|
MARC
| LEADER | 00000nam a2200000 a 4500 | ||
|---|---|---|---|
| 001 | UCL7021 | ||
| 003 | CL-VaPUC | ||
| 008 | 040423e20010000SP |||||||||||||||||spa|d | ||
| 020 | |a 8474328217 | ||
| 082 | 0 | 4 | |a 320.15 |b KAN |2 21 |
| 100 | |a Kahn, Paul W |e author |9 502434 | ||
| 245 | 1 | 3 | |a El análisis cultural del derecho: una reconstrucción de los estudios jurídicos |
| 250 | |a 1a. ed | ||
| 300 | |a 205 p | ||
| 942 | |c BK | ||
| 945 | |d 20040423 00:00:00 |a cmena | ||
| 260 | |a Barcelona |b Gedisa |c 2001 | ||
| 650 | 0 | |a Razonamiento jurídico |9 391435 | |
| 650 | 7 | |a CULTURA JURIDICA |2 CL-VaPUC |9 400992 | |
| 650 | 0 | |a Soberanía |9 266726 | |
| 650 | 0 | |a Ciencias Políticas |9 255201 | |
| 650 | 0 | |a Investigación jurídica |9 328647 | |
| 583 | |a last modification |c 20040423 00:00:00 |k Rodrigo Vera | ||
| 490 | 0 | |a Colección Biblioteca Yale de Estudios Jurídicos | |
| 999 | |c 308890 |d 308888 | ||
| 952 | |0 0 |1 0 |4 0 |6 320_150000000000000_KAN_2001 |7 0 |8 DER_TF |9 375819 |a BIBDER |b BIBDER |d 2019-11-21 |i 4009606 |l 1 |o 320.15 KAN 2001 |p 4009606 |r 2024-06-04 |s 2024-04-19 |w 2019-11-21 |x Ubicación 4to Piso |y BK |z Estos recursos deben solicitarse con anticipación |k DER | ||